| 000 | 00489nam a22001817a 4500 | ||
|---|---|---|---|
| 005 | 20170615143217.0 | ||
| 010 | _aENG-118670 | ||
| 020 |
_a9789350650592 _c175.00 |
||
| 035 | _aEN-102202 | ||
| 037 | _bDBAD/PUB | ||
| 082 | _aN | ||
| 100 | _aWells, H.G. | ||
| 245 |
_aThe invisible man / _cby H.G. Wells |
||
| 260 |
_aNew Delhi _bVishv Books _c[2001?] |
||
| 270 | _aA-36, Site-IV, Sahibabad, Ghaziabad-201010, UP(India) | ||
| 300 |
_axii,176p _c22cm.(pbk) |
||
| 942 |
_2ddc _cEN _hN _mWEL |
||
| 999 |
_c141148 _d141148 |
||